[Event "BCF-chT3N 1920 (4NCL)"]
[Site "England"]
[Date "2020.02.09"]
[Round "6.31"]
[White "Burke, Mitchell R"]
[Black "Davison, Colin FS"]
[Result "1-0"]
[WhiteElo "2095"]
[BlackElo "1855"]
[PlyCount "97"]
[EventDate "2019.11.09"]
[EventType "team-swiss"]
[EventRounds "11"]
[EventCountry "ENG"]
[SourceTitle "EXT 2022"]
[Source "ChessBase"]
[SourceDate "2021.10.06"]
[SourceVersion "1"]
[SourceVersionDate "2021.10.06"]
[SourceQuality "1"]
[WhiteTeam "3C's II"]
[BlackTeam "J'Adoube II"]
[WhiteTeamCountry "ENG"]
[BlackTeamCountry "ENG"]

1. f4 d6 2. Nf3 Nc6 3. e4 e5 4. Nc3 Bg4 5. Bb5 exf4 6. d4 a6 7. Bxc6+ bxc6 8. Bxf4 Ne7 9. 0-0 Ng6 10. Bg3 Be7 11. h3 Bd7 12. Qd2 0-0 13. Rae1 Rb8 14. b3 f5 15. e5 d5 16. Na4 f4 17. Bh2 Rf5 18. Qd3 Qc8 19. Re2 Be6 20. Qc3 Rb6 21. Nxb6 cxb6 22. Kh1 c5 23. Qd2 Bd7 24. dxc5 Qxc5 25. c4 Bc6 26. Nd4 f3 27. Nxf5 fxe2 28. Qxe2 dxc4 29. Bg1 Qb4 30. Nxe7+ Nxe7 31. Qxc4+ Qxc4 32. bxc4 b5 33. cxb5 axb5 34. Kh2 Bd5 35. Bc5 Ng6 36. a3 h6 37. Kg3 Bc4 38. Re1 Nf8 39. Bxf8 Kxf8 40. Kf4 Ke7 41. h4 Bf7 42. Rd1 Be8 43. Rd6 Bd7 44. Rb6 Be8 45. g3 Bd7 46. Rg6 Kf7 47. Rb6 Ke7 48. Ke4 Be8 49. Kd5 1-0

[Event "BCF-chT3N 1920 (4NCL)"]
[Site "England"]
[Date "2020.01.12"]
[Round "4.12"]
[White "Davison, Colin FS"]
[Black "Newell, David F"]
[Result "1/2-1/2"]
[WhiteElo "1855"]
[BlackElo "1787"]
[PlyCount "48"]
[EventDate "2019.11.09"]
[EventType "team-swiss"]
[EventRounds "11"]
[EventCountry "ENG"]
[SourceTitle "EXT 2022"]
[Source "ChessBase"]
[SourceDate "2021.10.06"]
[SourceVersion "1"]
[SourceVersionDate "2021.10.06"]
[SourceQuality "1"]
[WhiteTeam "J'Adoube II"]
[BlackTeam "Manchester Manticores IV"]
[WhiteTeamCountry "ENG"]
[BlackTeamCountry "ENG"]

1. Nf3 c5 2. b3 Nc6 3. Bb2 Nf6 4. c4 g6 5. g3 Bg7 6. Bg2 0-0 7. 0-0 d5 8. cxd5 Nxd5 9. Bxg7 Kxg7 10. Qc1 b6 11. Nc3 e6 12. h4 h6 13. a3 Bb7 14. e4 Nxc3 15. dxc3 e5 16. Qe3 Qe7 17. Rfd1 Rfd8 18. Rd5 f6 19. b4 cxb4 20. axb4 Qc7 21. Rad1 Ne7 22. R5d2 Rxd2 23. Rxd2 Rd8 24. Nh2 Bc8 1/2-1/2

[Event "BCF-chT3N 1819 (4NCL)"]
[Site "England"]
[Date "2018.11.10"]
[Round "1.35"]
[White "Anderson, Paul W"]
[Black "Davison, Colin FS"]
[Result "1-0"]
[WhiteElo "1757"]
[BlackElo "1869"]
[PlyCount "111"]
[EventDate "2018.11.10"]
[EventType "team-swiss"]
[EventRounds "11"]
[EventCountry "ENG"]
[SourceTitle "EXT 2021"]
[Source "ChessBase"]
[SourceDate "2020.10.23"]
[SourceVersion "1"]
[SourceVersionDate "2020.10.23"]
[SourceQuality "1"]
[WhiteTeam "Jorvik"]
[BlackTeam "Cheddleton II"]
[WhiteTeamCountry "ENG"]
[BlackTeamCountry "ENG"]

1. c4 f5 2. Nf3 Nf6 3. Nc3 e6 4. a3 a5 5. g3 c6 6. d4 d5 7. c5 Nbd7 8. Ng5 Qe7 9. Qa4 e5 10. Be3 exd4 11. Bxd4 Nxc5 12. Bxc5 Qxc5 13. e3 Be7 14. Rc1 0-0 15. Ne2 Qd6 16. Bg2 Nd7 17. Nf3 Ne5 18. 0-0 Nc4 19. Qc2 Bf6 20. Nfd4 g6 21. Rfd1 Qe7 22. Nc3 Re8 23. Nxd5 cxd5 24. Bxd5+ Kh8 25. Qxc4 Ra6 26. Bg2 Rb6 27. Rd2 Rd6 28. Rcd1 Rdd8 29. b4 axb4 30. axb4 Rd7 31. h4 Rc7 32. Qb3 Bd7 33. b5 Rec8 34. b6 Rc3 35. Qa2 Ra3 36. Qb1 Ba4 37. Rc1 Rac3 38. Rxc3 Rxc3 39. Rd3 Rc5 40. Qa2 Rc1+ 41. Kh2 Be8 42. h5 Bf7 43. Qa8+ Kg7 44. Bxb7 Be5 45. Nf3 Rc2 46. Rd2 Bxg3+ 47. Kxg3 Rxd2 48. Nxd2 Qd6+ 49. Kg2 Qxb6 50. h6+ Kf6 51. Nf3 g5 52. Qa1+ Ke7 53. Qa3+ Kf6 54. Qc3+ Ke7 55. Qe5+ Be6 56. Bd5 1-0

[Event "GBR-ch Major 104th"]
[Site "Llandudno"]
[Date "2017.08.04"]
[Round "7"]
[White "Samworth Calvier, Juju"]
[Black "Davison, Colin FS"]
[Result "1/2-1/2"]
[WhiteElo "1594"]
[BlackElo "1930"]
[PlyCount "40"]
[EventDate "2017.07.29"]
[EventType "swiss"]
[EventRounds "9"]
[EventCountry "WLS"]
[SourceTitle "CBM 179 Extra"]
[Source "ChessBase"]
[SourceDate "2017.08.23"]
[SourceVersion "1"]
[SourceVersionDate "2017.08.23"]
[SourceQuality "1"]

1. e4 d6 2. d4 g6 3. Nc3 Bg7 4. Be3 Nd7 5. Qd2 a6 6. f3 b6 7. Nh3 Bb7 8. Be2 c5 9. Nf2 Rc8 10. h4 h5 11. g4 Ngf6 12. g5 Nh7 13. d5 b5 14. f4 Nhf8 15. f5 Ne5 16. Nh3 Rb8 17. Nf4 Bc8 18. fxg6 fxg6 19. Rf1 Qc7 20. Nd1 Qd8 1/2-1/2

[Event "GBR-ch Major 104th"]
[Site "Llandudno"]
[Date "2017.08.03"]
[Round "6"]
[White "Davison, Colin FS"]
[Black "Atara, Omeet J"]
[Result "1/2-1/2"]
[WhiteElo "1930"]
[BlackElo "1616"]
[PlyCount "54"]
[EventDate "2017.07.29"]
[EventType "swiss"]
[EventRounds "9"]
[EventCountry "WLS"]
[SourceTitle "CBM 179 Extra"]
[Source "ChessBase"]
[SourceDate "2017.08.23"]
[SourceVersion "1"]
[SourceVersionDate "2017.08.23"]
[SourceQuality "1"]

1. e4 d5 2. exd5 Qxd5 3. Nc3 Qa5 4. d4 c6 5. Nf3 Bf5 6. Bd3 Bg6 7. 0-0 e6 8. Re1 Nf6 9. Ne5 Be7 10. Ne2 Bxd3 11. Nxd3 Nbd7 12. Ng3 Rd8 13. Bd2 Qb6 14. Be3 Nd5 15. Qf3 Nxe3 16. fxe3 0-0 17. Kh1 c5 18. Nxc5 Nxc5 19. dxc5 Bxc5 20. Ne4 Be7 21. b3 Qc6 22. Re2 Rd7 23. Rf1 f5 24. Ng3 Qxf3 25. gxf3 Bf6 26. Rff2 Kf7 27. Rd2 Rxd2 1/2-1/2

[Event "GBR-ch Major 104th"]
[Site "Llandudno"]
[Date "2017.07.30"]
[Round "2"]
[White "Mulay, Partha"]
[Black "Davison, Colin FS"]
[Result "1-0"]
[WhiteElo "1815"]
[BlackElo "1930"]
[PlyCount "43"]
[EventDate "2017.07.29"]
[EventType "swiss"]
[EventRounds "9"]
[EventCountry "WLS"]
[SourceTitle "CBM 179 Extra"]
[Source "ChessBase"]
[SourceDate "2017.08.23"]
[SourceVersion "1"]
[SourceVersionDate "2017.08.23"]
[SourceQuality "1"]

1. e4 e6 2. d4 d5 3. exd5 exd5 4. c4 Nf6 5. Nc3 c6 6. Nf3 Bb4 7. Bd3 dxc4 8. Bxc4 Bg4 9. Bxf7+ Kf8 10. Bb3 Bxf3 11. Qxf3 Qe8+ 12. Be3 Qe4 13. Qg3 Na6 14. a3 Ba5 15. 0-0 Qe7 16. Rfe1 Bc7 17. Bf4 Bxf4 18. Qxf4 Qc7 19. Re5 c5 20. Nd5 Qf7 21. Nxf6 Qxb3 22. Nd5+ 1-0

[Event "BCF-chT3N 1617 (4NCL)"]
[Site "England"]
[Date "2017.03.18"]
[Round "7.45"]
[White "Nezis, Anastasios"]
[Black "Davison, Colin FS"]
[Result "1/2-1/2"]
[WhiteElo "1927"]
[BlackElo "1932"]
[PlyCount "45"]
[EventDate "2016.11.26"]
[EventType "team-swiss"]
[EventRounds "11"]
[EventCountry "ENG"]
[SourceTitle "EXT 2019"]
[Source "ChessBase"]
[SourceDate "2018.10.10"]
[SourceVersion "1"]
[SourceVersionDate "2018.10.10"]
[SourceQuality "1"]
[WhiteTeam "Jorvik"]
[BlackTeam "Cheddleton II"]
[WhiteTeamCountry "ENG"]
[BlackTeamCountry "ENG"]

1. e4 e6 2. d3 b6 3. g3 Bb7 4. Bg2 d5 5. Nd2 Nf6 6. e5 Nfd7 7. Ngf3 c5 8. 0-0 Qc7 9. Re1 Nc6 10. Qe2 Be7 11. c3 g5 12. g4 0-0-0 13. Nf1 Rdg8 14. Ng3 Rg6 15. Nh5 Nd8 16. d4 Rf8 17. dxc5 bxc5 18. b4 h6 19. bxc5 Bxc5 20. Be3 Bxe3 21. Qxe3 Qc5 22. Nd4 Nb6 23. Rab1 1/2-1/2

[Event "GBR-ch Major 103rd"]
[Site "Bournemouth"]
[Date "2016.07.29"]
[Round "5"]
[White "Davison, Colin FS"]
[Black "Boswell, Jacob Connor"]
[Result "0-1"]
[WhiteElo "1984"]
[BlackElo "1798"]
[PlyCount "84"]
[EventDate "2016.07.25"]
[EventType "swiss"]
[EventRounds "11"]
[EventCountry "ENG"]
[SourceTitle "CBM 173 Extra"]
[Source "ChessBase"]
[SourceDate "2016.08.29"]
[SourceVersion "1"]
[SourceVersionDate "2016.08.29"]
[SourceQuality "1"]

1. c4 e5 2. g3 Nf6 3. Bg2 c6 4. b3 d5 5. Bb2 Bd6 6. Nc3 d4 7. Ne4 Nxe4 8. Bxe4 f5 9. Bg2 Be7 10. Nf3 Bf6 11. d3 e4 12. Nd2 e3 13. Nf3 exf2+ 14. Kxf2 c5 15. b4 Nc6 16. bxc5 Qe7 17. Qc1 Qe3+ 18. Kf1 Qe7 19. a4 0-0 20. Qd2 g5 21. Bc1 g4 22. Ne1 Nd8 23. Nc2 f4 24. gxf4 Be5 25. Ke1 Bxf4 26. Qa5 Re8 27. Bf1 Bxc1 28. Rxc1 Nc6 29. Qd2 Kh8 30. Kd1 Qxc5 31. Rb1 Ne7 32. Bg2 Bd7 33. Qh6 Ng8 34. Qf4 Bxa4 35. Qxg4 Nh6 36. Qf3 Nf5 37. Rxb7 Ne3+ 38. Kc1 Qg5 39. Nxe3 Rxe3 40. Rxh7+ Kxh7 41. Qf7+ Kh8 42. h4 Qh6 0-1

[Event "GBR-ch Major 103rd"]
[Site "Bournemouth"]
[Date "2016.07.28"]
[Round "4"]
[White "Guha, Chirag"]
[Black "Davison, Colin FS"]
[Result "1/2-1/2"]
[WhiteElo "1739"]
[BlackElo "1984"]
[PlyCount "37"]
[EventDate "2016.07.25"]
[EventType "swiss"]
[EventRounds "11"]
[EventCountry "ENG"]
[SourceTitle "CBM 173 Extra"]
[Source "ChessBase"]
[SourceDate "2016.08.29"]
[SourceVersion "1"]
[SourceVersionDate "2016.08.29"]
[SourceQuality "1"]

1. d4 e6 2. c4 Nf6 3. Nf3 d5 4. Nc3 c6 5. g3 Bb4 6. Bg2 Nbd7 7. 0-0 0-0 8. a3 Bxc3 9. bxc3 b6 10. Nd2 Bb7 11. e4 dxe4 12. Nxe4 Nxe4 13. Bxe4 Nf6 14. Bg5 h6 15. Bxf6 Qxf6 16. Re1 Qd8 17. Qf3 Qc7 18. Rab1 Rad8 19. Qe3 1/2-1/2

[Event "GBR-ch Major 103rd"]
[Site "Bournemouth"]
[Date "2016.07.27"]
[Round "3"]
[White "Davison, Colin FS"]
[Black "Foster, Timothy"]
[Result "0-1"]
[WhiteElo "1984"]
[BlackElo "1839"]
[PlyCount "100"]
[EventDate "2016.07.25"]
[EventType "swiss"]
[EventRounds "11"]
[EventCountry "ENG"]
[SourceTitle "CBM 173 Extra"]
[Source "ChessBase"]
[SourceDate "2016.08.29"]
[SourceVersion "1"]
[SourceVersionDate "2016.08.29"]
[SourceQuality "1"]

1. c4 Nf6 2. g3 g6 3. Bg2 Bg7 4. Nc3 0-0 5. Nf3 d6 6. 0-0 e5 7. d3 h6 8. Bd2 Nc6 9. a3 a5 10. Rc1 Be6 11. Ne1 Qd7 12. Nc2 Bh3 13. e4 Bxg2 14. Kxg2 a4 15. Nd5 Nxd5 16. cxd5 Na5 17. Bc3 Nb3 18. Rb1 f5 19. f3 c6 20. Na1 Nxa1 21. dxc6 bxc6 22. Rxa1 d5 23. Rc1 h5 24. Qc2 Rfc8 25. Rf2 Qe6 26. Re1 d4 27. exf5 Qxf5 28. Bd2 Rab8 29. f4 exf4 30. Bxf4 Qd5+ 31. Kg1 Rb3 32. Re7 c5 33. Qe2 c4 34. dxc4 Qxc4 35. Rxg7+ Kxg7 36. Qe7+ Kg8 37. Be5 Qc1+ 38. Kg2 Qc6+ 39. Kh3 Rb7 40. Qg5 Qe6+ 41. Kg2 Rf7 42. Bf4 d3 43. Rd2 Qe4+ 44. Kh3 Rd7 45. Qb5 Qf5+ 46. Qxf5 gxf5 47. Kg2 Rc2 48. Kf2 Re7 49. Rxc2 dxc2 50. Bc1 Rd7 0-1

[Event "BCF-chT3Nc 1516 (4NCL)"]
[Site "England"]
[Date "2016.04.30"]
[Round "9.89"]
[White "Hamer, Martyn"]
[Black "Davison, Colin FS"]
[Result "1/2-1/2"]
[WhiteElo "2087"]
[BlackElo "1982"]
[PlyCount "54"]
[EventDate "2016.03.20"]
[EventType "team-swiss"]
[EventRounds "11"]
[EventCountry "ENG"]
[SourceTitle "EXT 2017"]
[Source "ChessBase"]
[SourceDate "2016.10.25"]
[SourceVersion "1"]
[SourceVersionDate "2016.10.25"]
[SourceQuality "1"]
[WhiteTeam "Manchester Manticores"]
[BlackTeam "Cheddleton II"]
[WhiteTeamCountry "ENG"]
[BlackTeamCountry "ENG"]

1. Nf3 Nf6 2. c4 c5 3. Nc3 Nc6 4. d4 cxd4 5. Nxd4 g6 6. e4 d6 7. Be2 Bg7 8. Be3 Bd7 9. Qd2 0-0 10. 0-0 Nxd4 11. Bxd4 Bc6 12. f3 Nd7 13. Be3 f5 14. exf5 Rxf5 15. Rad1 b6 16. Bd3 Rf8 17. Be4 Bxe4 18. Nxe4 Nf6 19. Nxf6+ Bxf6 20. Rfe1 Rc8 21. Bd4 Qc7 22. Bxf6 Rxf6 23. b3 Re8 24. Re4 Rf5 25. Qe2 Kf8 26. Re1 e5 27. f4 Re7 1/2-1/2

[Event "BCF-ch Seniors"]
[Site "Aberystwyth"]
[Date "2014.08.01"]
[Round "7"]
[White "Davison, Colin FS"]
[Black "Clucas, Reg P"]
[Result "1/2-1/2"]
[WhiteElo "2023"]
[BlackElo "1890"]
[PlyCount "55"]
[EventDate "2014.07.26"]
[EventType "swiss"]
[EventRounds "7"]
[EventCountry "WLS"]
[SourceTitle "EXT 2017"]
[Source "ChessBase"]
[SourceDate "2016.10.25"]
[SourceVersion "1"]
[SourceVersionDate "2016.10.25"]
[SourceQuality "1"]

1. e4 c5 2. Nf3 d6 3. c3 Nc6 4. Be2 Nf6 5. d3 g6 6. 0-0 Bg7 7. h3 0-0 8. Re1 Qc7 9. Bf1 b6 10. Na3 a6 11. Nc2 Bb7 12. Bg5 e5 13. Qd2 Rae8 14. Ne3 Ne7 15. c4 h6 16. Bxf6 Bxf6 17. Ng4 Bg7 18. Nxh6+ Kh8 19. Qg5 Ng8 20. Ng4 Qd8 21. Qh4+ Qxh4 22. Nxh4 Re6 23. Be2 f5 24. Ne3 Ne7 25. Bf3 fxe4 26. dxe4 Bxe4 27. Nd5 Nxd5 28. cxd5 1/2-1/2

[Event "BCF-ch Seniors"]
[Site "Aberystwyth"]
[Date "2014.07.29"]
[Round "4"]
[White "Phillips, William"]
[Black "Davison, Colin FS"]
[Result "1/2-1/2"]
[WhiteElo "1925"]
[BlackElo "2023"]
[PlyCount "113"]
[EventDate "2014.07.26"]
[EventType "swiss"]
[EventRounds "7"]
[EventCountry "WLS"]
[SourceTitle "EXT 2017"]
[Source "ChessBase"]
[SourceDate "2016.10.25"]
[SourceVersion "1"]
[SourceVersionDate "2016.10.25"]
[SourceQuality "1"]

1. e4 e6 2. d4 d5 3. exd5 exd5 4. Nf3 Bd6 5. Be2 Nf6 6. 0-0 0-0 7. c4 c6 8. Nc3 h6 9. h3 Be6 10. c5 Bc7 11. Be3 Ne4 12. Ne5 Nd7 13. f4 Ndf6 14. f5 Bd7 15. Qe1 Kh7 16. Nxe4 Nxe4 17. Bd3 f6 18. Nxd7 Qxd7 19. Bf4 Rae8 20. Qh4 Bxf4 21. Qxf4 Re7 22. g4 Ng5 23. Qg3 Rfe8 24. Rfe1 Nxh3+ 25. Kf1 Ng5 26. Rxe7 Qxe7 27. Re1 Qxe1+ 28. Qxe1 Rxe1+ 29. Kxe1 Nf3+ 30. Kf2 Nxd4 31. Ke3 Nb5 32. a4 Nc7 33. Kd4 Kg8 34. b4 a6 35. b5 axb5 36. axb5 cxb5 37. c6 bxc6 38. Kc5 Na6+ 39. Kb6 Nb4 40. Bb1 d4 41. Kc5 Nd5 42. Kxc6 Ne3 43. Kxb5 Nxg4 44. Kc4 Ne5+ 45. Kxd4 g5 46. fxg6 Kg7 47. Ke4 Nxg6 48. Kf5 h5 49. Bd3 Ne7+ 50. Ke6 Ng6 51. Kf5 Nh4+ 52. Kf4 Ng6+ 53. Kf5 Ne5 54. Be4 Ng4 55. Bd3 Nf2 56. Be2 h4 57. Kf4 1/2-1/2

[Event "BCF-ch Seniors"]
[Site "Aberystwyth"]
[Date "2014.07.27"]
[Round "2"]
[White "Byway, Paul V"]
[Black "Davison, Colin FS"]
[Result "1-0"]
[WhiteElo "2115"]
[BlackElo "2023"]
[PlyCount "129"]
[EventDate "2014.07.26"]
[EventType "swiss"]
[EventRounds "7"]
[EventCountry "WLS"]
[SourceTitle "EXT 2017"]
[Source "ChessBase"]
[SourceDate "2016.10.25"]
[SourceVersion "1"]
[SourceVersionDate "2016.10.25"]
[SourceQuality "1"]

1. Nf3 Nf6 2. c4 e6 3. g3 d5 4. Bg2 c6 5. b3 Nbd7 6. 0-0 Bd6 7. Bb2 0-0 8. cxd5 exd5 9. Nc3 Re8 10. d3 Ne5 11. Nxe5 Bxe5 12. e4 dxe4 13. dxe4 Bg4 14. Qc2 Qc8 15. Rfe1 h5 16. Nd1 h4 17. f4 Bxd1 18. Raxd1 Bxb2 19. Qxb2 hxg3 20. hxg3 Qg4 21. Rd3 Rad8 22. Qd2 Rxd3 23. Qxd3 Qd7 24. Qxd7 Nxd7 25. Rd1 Nb8 26. Rd4 Kf8 27. Kf2 Ke7 28. Ke3 Rd8 29. b4 Na6 30. a3 Nc7 31. a4 Ra8 32. Bh3 Ne6 33. Rc4 Rd8 34. Bg4 Rh8 35. b5 cxb5 36. axb5 b6 37. Bxe6 Kxe6 38. Rc7 Rh1 39. f5+ Kf6 40. Rxa7 Rb1 41. g4 Rb3+ 42. Kd4 Rb4+ 43. Kd5 Rxb5+ 44. Kd6 g6 45. Rb7 gxf5 46. gxf5 Rb4 47. e5+ Kxf5 48. Rxf7+ Kg6 49. Rf6+ Kg7 50. Rf3 Rd4+ 51. Ke7 b5 52. Rg3+ Kh7 53. e6 b4 54. Kf7 Rf4+ 55. Ke8 Rd4 56. e7 Rd2 57. Rb3 Rd4 58. Kf7 Rf4+ 59. Ke6 Re4+ 60. Kf6 Kg8 61. Rxb4 Re1 62. Rb8+ Kh7 63. e8Q Rxe8 64. Rxe8 Kh6 65. Rh8# 1-0

[Event "BCF-chT3 1314 (4NCL)"]
[Site "England"]
[Date "2014.05.03"]
[Round "8.169"]
[White "Dixon, Chris"]
[Black "Davison, Colin FS"]
[Result "1/2-1/2"]
[WhiteElo "1838"]
[BlackElo "2049"]
[PlyCount "41"]
[EventDate "2013.11.16"]
[EventType "team-swiss"]
[EventRounds "11"]
[EventCountry "ENG"]
[SourceTitle "EXT 2015"]
[Source "ChessBase"]
[SourceDate "2014.11.20"]
[SourceVersion "1"]
[SourceVersionDate "2014.11.20"]
[SourceQuality "1"]
[WhiteTeam "The Full Ponty"]
[BlackTeam "Cheddleton II"]
[WhiteTeamCountry "ENG"]
[BlackTeamCountry "ENG"]

1. e4 e6 2. d3 d5 3. Nd2 Nf6 4. Ngf3 c5 5. g3 Nc6 6. Bg2 Be7 7. 0-0 0-0 8. Re1 Re8 9. e5 Nd7 10. Nf1 Nf8 11. h4 f6 12. exf6 Bxf6 13. Bg5 h6 14. Bxf6 Qxf6 15. Ne3 Qxb2 16. Nxd5 Rd8 17. Ne3 Nd4 18. Nxd4 Qxd4 19. Ng4 Rb8 20. Ne5 Bd7 21. Rb1 1/2-1/2

[Event "BCF-chT3N 1314 (4NCL)"]
[Site "England"]
[Date "2014.01.11"]
[Round "3.69"]
[White "Coathup, Roger"]
[Black "Davison, Colin FS"]
[Result "1-0"]
[WhiteElo "2127"]
[BlackElo "2072"]
[PlyCount "71"]
[EventDate "2013.11.16"]
[EventType "team-swiss"]
[EventRounds "6"]
[EventCountry "ENG"]
[SourceTitle "EXT 2015"]
[Source "ChessBase"]
[SourceDate "2014.11.20"]
[SourceVersion "1"]
[SourceVersionDate "2014.11.20"]
[SourceQuality "1"]
[WhiteTeam "North East England"]
[BlackTeam "Cheddleton II"]
[WhiteTeamCountry "ENG"]
[BlackTeamCountry "ENG"]

1. d4 e6 2. c4 Nf6 3. Nc3 Bb4 4. e3 d5 5. a3 Bxc3+ 6. bxc3 0-0 7. cxd5 exd5 8. Bd3 c5 9. Ne2 Re8 10. 0-0 Nbd7 11. Ng3 Ne4 12. Ne2 c4 13. Bb1 Ndf6 14. f3 Nd6 15. Ng3 Bd7 16. Re1 h5 17. e4 h4 18. e5 hxg3 19. exd6 gxh2+ 20. Kh1 Nh5 21. Rxe8+ Bxe8 22. g4 Ng3+ 23. Kxh2 Qxd6 24. Kg2 Bc6 25. Qe1 Ne4 26. fxe4 dxe4 27. Be3 Qg6 28. Qg3 f5 29. gxf5 Qxf5 30. Ba2 Qf3+ 31. Qxf3 exf3+ 32. Kf2 b5 33. Rg1 Kf7 34. Bb1 Rh8 35. Bf4 g5 36. Rxg5 1-0